| 000 | 00705nam a2200253Ia 4500 | ||
|---|---|---|---|
| 008 | 180620s9999 xx 000 0 und d | ||
| 020 | _a978-1-906780-58-6 | ||
| 050 | _aREF DS 660 | ||
| 050 | _b.H53 2010 | ||
| 100 | _aHicks, Nigel. | ||
| 245 | 0 | _aPresenting the Philippines : | |
| 245 | 2 | _ba journey through the Archipelago / | |
| 245 | 0 | _cNigel Hicks. | |
| 260 | _aUnited Kingdom : | ||
| 260 | _bJohn Beaufoy Pub., | ||
| 260 | _c2010 | ||
| 300 | _a160 pages : | ||
| 300 | _bcolored illustrations ; | ||
| 300 | _c26 cm. | ||
| 500 | _aIncludes index. | ||
| 650 | _aPhilippines -- Description and travel. | ||
| 650 | _aPhilippines. | ||
| 650 | _xPhilippines -- Social life and customs. | ||
| 999 |
_c357997 _d357997 |
||